01282nam a2200421 i 450000100060000000300090000600500170001500800390003202000150007104000360008604100080012204600090013008000160013908000120015508000120016710000260017924500650020525000140027026000570028430000290034133600270037033700540039733800280045138000160047938800100049549000180050550400120052365000220053565000290055765000140058665000160060065500300061665800210064665800300066771000300069783000350072785600980076251359KOSZ 00520221202130215.0060606s2004 pl a f |000 0 pol a0582451507 cKOSZ 005aKOSZ 005dKOSZ 005/HR0 aeng k2004 a811.111'373 a339.138 a(075.8)1 aSweeney, SimoneAutor10aTest your professional English - marketing /cSimon Sweeney. a2nd impr. aHarlow :bPearson Education :bPenguin Books,c2004. a106 s. :brys. ;c21 cm. 2rdacontentaTekstbtxt 2rdamediaaBez urządzenia pośredniczącegobn 2rdacarrieraWoluminbnc aKsiążki a2001-1 aTest Your ... aIndeks. 4aJęzyk angielski 4aJęzyk handlu i biznesu 4aMarketing 4aSłownictwo 4aPodręczniki akademickie aJęzykoznawstwo aZarządzanie i marketing2 aPearson Education Limited 0aTest Your Professional English uhttp://koha.tu.koszalin.pl/cgi-bin/koha/opac-detail.pl?biblionumber=51359yKatalog online BPK